| 000 | 00551nam a22002057a 4500 | ||
|---|---|---|---|
| 001 | 2732 | ||
| 003 | FISKH | ||
| 005 | 20260309162152.0 | ||
| 008 | 240111b cb ||||| |||| 00| 0 eng d | ||
| 020 | _a9781609960780 | ||
| 040 |
_aFISKH _beng _cFISKH _dFISKH |
||
| 082 | _a622.19 | ||
| 100 | _aGlenn, Murphy | ||
| 245 |
_aTreasure _bfortunes lost and found |
||
| 260 |
_aGreensboro : _bCarson-Dellosa, _c2010 |
||
| 300 |
_a64 pages : _bcolor illustrations ; _c29 cm. _eone CD Rom |
||
| 505 | _aM | ||
| 521 | 8 |
_a721
_bLexile estimate |
|
| 942 |
_2lcc _cBK _n0 |
||
| 999 |
_c2732 _d2732 |
||